00679nam a2200205Ia 4500003000400000005001700004008004100021020001500062040001800077041000800095082002300103100002000126245013100146250001500277260004000292300002100332650003400353650003500387650005100422OSt20220118150810.0210716s2007 xx 000 0 und d a186508932x cAIMIT LIBRARY aeng a332.0240121bCERP aCerexhe, Peter. aIts never too late: to achieve financial security start today :bto achieve financial security start today/ bycPeter Cerexhe. a1st. ed .- aAustralia:bAllen and Unwin,c2007. axvi,191p.; 21cm. aEliminating the money killers aYour weaknesses your strengths aFitting your investment plan to your life plan